Prague : ville socialiste /

Hlavní autor: Hrůza, Jiří, 1925-2012
Další autoři: Borovička, Blahomír, 1923-2004
Jazyk: Francouzština
Vydáno: Prague : Orbis, 1985
Témata:
Fyzický popis: 129 s. : barev. il. ; 25 cm
Knihy
Uloženo v:
LEADER 01026nam a22002892a 4500
001 000851487
003 CZ BrMZK
005 20110416110030.0
007 ta
008 070521s1985 xr a er|||||||||||fre d
015 |a cnb000012025 
035 |a (OCoLC)20392451 
035 |a (OCoLC)39424807 
040 |a BOA001  |b cze 
041 1 |a fre  |h cze 
080 9 |a 908.437.10 
100 1 |a Hrůza, Jiří,  |d 1925-2012  |7 jk01043070  |4 aut 
245 1 0 |a Prague :  |b ville socialiste /  |c Jiří Hrůza, Blahomír Borovička ; traduction du texte Soňa Nigrínová, Emil Fiala ; cartes Jaroslav Huml ; photographies Jiří Doležal, ... [et al.] 
260 |a Prague :  |b Orbis,  |c 1985 
300 |a 129 s. :  |b barev. il. ;  |c 25 cm 
500 |a Přeloženo z češtiny 
700 1 |a Borovička, Blahomír,  |d 1923-2004  |7 mzk2004236687  |4 aut 
910 |a BOA001  |b 2-0900.755 
964 |a Praha - obrazové publikace 
990 |a BK 
991 |b 200705 
996 6 |b 2619323735  |c 2-0900.755  |l MZK  |r Sklad / do 1 hodiny  |n 0  |w 000851487  |u 000010  |a 1  |e BOA001  |j MZK50  |s P